Músicos de Durango /
Biografía de 16 compositores, intérpretes y cantantes durangueños que sobresalieron en el mundo de la música culta en el territorio nacional durante el siglo XIX y el siglo XX.
Uloženo v:
| Hlavní autor: | |
|---|---|
| Médium: | Kniha |
| Jazyk: | španělština |
| Témata: | |
| Tagy: |
Žádné tagy, Buďte první, kdo vytvoří štítek k tomuto záznamu!
|
MARC
| LEADER | 00000nam^a2200000^a^4500 | ||
|---|---|---|---|
| 001 | 000158530 | ||
| 005 | 20250521000000.0 | ||
| 009 | 20260310100617.156 | ||
| 037 | |a Acervo ITESO - Biblioteca | ||
| 041 | |a ESP | ||
| 082 | |a 780. 92 |b PAL | ||
| 100 | |a Palencia A., Héctor A. |e (autor) | ||
| 245 | 1 | 0 | |a Músicos de Durango / |c H.A. Palencia A. ; pról. de Olga Arias. |
| 264 | |a Durango, México : |b Universidad Juárez del Estado de Durango, |c 1963 | ||
| 300 | |a VII, 77 p. | ||
| 336 | |a texto |b txt |2 rdacontenido | ||
| 337 | |a sin mediación |b n |2 rdamedio | ||
| 338 | |a volumen |b nc |2 rdasoporte | ||
| 520 | |a Biografía de 16 compositores, intérpretes y cantantes durangueños que sobresalieron en el mundo de la música culta en el territorio nacional durante el siglo XIX y el siglo XX. | ||
| 649 | |a XX | ||
| 650 | |a Músicos Mexicanos - |x Biografías | ||
| 650 | |a Cantantes Mexicanos - |x Biografías | ||
| 650 | |a Mujeres Mexicanas - |x Biografías | ||
| 650 | |a Música de Cámara - |x Historia y Crítica | ||
| 650 | |a Música Sinfónica - |x Historia y Crítica | ||
| 650 | |a Música Clásica - |z Durango - |x Historia y Crítica | ||
| 650 | |a Música Clásica - |z México - |x Historia y Crítica | ||
| 650 | |a Música Romántica - |z Durango - |x Historia y Crítica | ||
| 650 | |a Música Romántica - |z México - |x Historia y Crítica | ||
| 650 | |a Música Moderna - |z Durango - |x Historia y Crítica | ||
| 650 | |a Música Moderna - |z México - |x Historia y Crítica | ||
| 650 | |a Música Mexicana - |y Siglo XIX | ||
| 650 | |a Música Mexicana - |y Siglo XX | ||
| 650 | |a Alvarado, Alberto M. | ||
| 650 | |a Amaya, Alberto | ||
| 650 | |a Amparán, Joaquín | ||
| 650 | |a Anitua, Fanny | ||
| 650 | |a Baca Elorreaga, Luis | ||
| 650 | |a Campos, Melquiades | ||
| 650 | |a Castro, Ricardo | ||
| 650 | |a Fournier Salas, Francisco | ||
| 650 | |a González, Alfredo Antonio | ||
| 650 | |a Herrera y Alvarez, Manuel | ||
| 650 | |a Lugo, Arturo | ||
| 650 | |a Michaca, Pedro | ||
| 650 | |a Preza, Velino Miguel | ||
| 650 | |a Santa María de Murphy, Belén | ||
| 650 | |a Revueltas, Silvestre | ||
| 650 | |a Sida, Gerónimo | ||
| 650 | |a Zurita Aragón, Hilario | ||
| 910 | |a Fondo Salvador Reynoso Reynoso | ||
| 920 | |a Impresos - Libros | ||
| 930 | |a Fondos Especiales | ||
| 905 | |a 112 | ||
| 901 | |a 0500090219 |b IT2 |c ESP |u 20250521 | ||
| 902 | |a https://opac.biblio.iteso.mx/vufind/Record/000158530 | ||